000 00778nam a2200241Ia 4500
008 191130s2004##################000#0#eng##
020 _a9780199271764
040 _aACL
_cACL
082 _a327.174 MAL
100 _aMallik, Amitav
245 _aTechnology and security in the 21st century : a demand-side perspective
_cAmitav Mallik
260 _aOxford
_bOxford University Press
_cc2004
300 _axii, 151p. ; 23 cm
500 _aIncludes bibliographical references and index
650 _aArms control
650 _aNational security
650 _aSecurity, International
650 _aTechnology transfer
710 _aStockholm International Peace Research Institute
990 _a05525f1fac10000c0d65d16a21e73cfd
991 _a136477
999 _c422635
_d422635